LEADER 00974cam a2200241 7i4500
001 0000032742
005 20150929090000.0
090 0 0 |a PHOT 338.7   |b MAL (CD) 
110 2 0 |a Malaysia External Trade Development Corporation (MATRADE) 
245 1 0 |a Seminar on Business Opportunities in Thailand's Retail and F & B Sector ( 11 August 2015 : Theathrette Hall Menara MATRADE, Kuala Lumpur ). 
300 # # |a 209 Photographs:   |b Col.;   |c CD-RW. 
500 0 0 |a Photographs 
600 0 0 |a Ong Yew Chee 
600 0 0 |a Mohd Aminuddin Sham Tajudin 
600 0 0 |a Mohd Amin Yatim 
600 0 0 |a Ahmad Nasaruddin Mohd Noor 
600 0 0 |a Dzulkifli Mahmud, Dato' 
600 0 0 |a Praparwarn Waeladeevong 
600 0 0 |a Jiraratana Thesasilpa 
600 0 0 |a Niqman Rafaee Mohd Sahar 
650 0 0 |a MATRADE --   |x Photograph collection --   |y 2015  
650 0 0 |a Seminar on Business Opportunities in Thailand's Retail and F & B Sector --   |y 2015  
999 |a PC00001261  |b Photographs  |c Photographs  |e Business Information Centre